| 000 | 00694nam a2200229 a 4500 | ||
|---|---|---|---|
| 001 | 63278 | ||
| 003 | BD-RjUL | ||
| 005 | 20211209081157.0 | ||
| 008 | 170129s1984 enk 000 1 eng d | ||
| 020 | _a0151544964 | ||
| 035 | _a(BD-RjUL)63407 | ||
| 040 |
_aBD-RjUL _beng _cBD-RjUL _dBD-RjUL |
||
| 041 | _aeng | ||
| 082 |
_a813.54 _254 _bJAL 1984 |
||
| 100 | 1 |
_aJakes, John _d1932- _9188320 |
|
| 245 | 1 | 0 |
_aLove and war / _cJohn Jakes |
| 260 |
_aSan Diego : _bHarcourt Brace Jovanovich, _cc1984. |
||
| 300 |
_a1019 p. : _cill. ; _b 24 cm |
||
| 651 |
_aUnited States _v History _xCivil War, _xFiction. _y1861-1865 _9188321 |
||
| 651 |
_aUnited States _vHistory _xFiction. _9188322 |
||
| 942 |
_2ddc _cBK |
||
| 999 |
_c63278 _d63278 |
||